00371nam a2200145Ia 4500008004100000020001800041082001400059100001600073245005000089250000600139260002500145300001000170500002400180650002100204230524s9999 xx 000 0 und d a9780070669017 a3.54bBOS aRanjan Bose 0a"Information Theory, Coding and Cryptography" a2 aNew DelhibMGHc2011 a325p; aQuantity Number: 5 aComputer Science